Modelové aspekty marketingovej komunikácie v kontexte na zdravie orientované nákupné správanie vedecké state

Guardado en:
Detalles Bibliográficos
Autor Corporativo: Ekonomická univerzita v Bratislave. Obchodná fakulta
Otros Autores: Kita, Pavol, Szarková, Miroslava, 1951-, Strážovská, Ľubomíra
Formato: Libro
Lenguaje:eslovaco
inglés
Publicado: Bratislava Vydavateľstvo EKONÓM 2019
Edición:1. vydanie
Materias:
Etiquetas: Agregar Etiqueta
Sin Etiquetas, Sea el primero en etiquetar este registro!

MARC

LEADER 00000nam a2200000 4500
001 0258964
005 20240502074110.0
020 |a 978-80-225-4644-7 
041 0 |a slo 
041 0 |a eng 
044 |a SK 
245 1 0 |a Modelové aspekty marketingovej komunikácie v kontexte na zdravie orientované nákupné správanie  |b vedecké state  |c zostavil: Pavol Kita 
250 |a 1. vydanie 
264 1 |a Bratislava  |b Vydavateľstvo EKONÓM  |c 2019 
300 |a 95 s. [5,79 AH] 
610 2 0 |a komunikácia marketingová 
610 2 0 |a modely 
610 2 0 |a správanie spotrebiteľa 
610 2 0 |a kúpa 
610 2 0 |a potraviny 
610 2 0 |a ochrana zdravia 
700 1 |a Kita, Pavol 
700 1 |a Szarková, Miroslava, 1951- 
700 1 |a Strážovská, Ľubomíra 
710 2 |a Ekonomická univerzita v Bratislave. Obchodná fakulta